Fullmetal Alchemist Personnages par Images - Statistiques

Statistiques générales
  • Ce quiz a été pris 69 fois
  • Le résultat moyen est 23 sur 134
Statistiques - réponses
Par images Réponse % Correct
Edward Elric
100%
Alphonse Elric
92%
Lust
85%
Roy Mustang
85%
Gluttony
79%
Envy
71%
Scar
69%
Winry Rockbell
63%
Wrath / King Bradley
62%
Alex Louis Armstrong
60%
Riza Hawkeye
60%
Shou Tucker / Shô
56%
Ling Yao / Lin Yao
54%
Nina Tucker
54%
The Truth / La Vérité
54%
Homonculus / Father
52%
Maes Hughes
52%
Pride / Selim Bradley
52%
Greed
50%
Rose Thomas
50%
Van Hohenheim
48%
May Chang / Mei Chang
46%
Sloth
44%
Trisha Elric
42%
Pinako Rockbell
40%
Izumi Curtis
38%
Jean Havoc
37%
Olivia Mira Armstrong / Olivier
35%
Tim Marcoh
33%
Alexander
31%
Lan Fan
31%
Barry the Chopper / Number 66
29%
Fu / Who
29%
Solf J. Kimblee
29%
Maria Ross
27%
Cornello
23%
Leto
23%
Sig Curtis
19%
Vato Falman
19%
Basque Grand
17%
Elicia Hughes
17%
Miles
17%
Gracia Hughes
13%
Shao May / Xiao-Mei
13%
Yoki
13%
Buccaneer
12%
Den
12%
Denny Brosh
12%
Grumman
12%
Heymans Breda
12%
Kain Fuery
10%
Dominic LeCoulte
8%
Martel
8%
Paninya
8%
Rebecca Catalina
8%
Zampano
8%
Black Hayate
6%
Darius
6%
Dolcetto / Dolchatte
6%
Frère de Scar
6%
Frères Slicer / Number 48
6%
Garfiel
6%
Isaac McDougal
6%
Mason / Meisson
6%
Raven
6%
Roa
6%
Bido
4%
Chiko
4%
Chris Mustang / Madame Christmas
4%
Cray
4%
Edison
4%
Empereur de Xing
4%
Focker
4%
Gardner
4%
Gärtner
4%
Général Harris
4%
Giolio Comanche / Jolio
4%
Harris
4%
Heinkel
4%
Jerso / Gelso
4%
Kiri
4%
Klemin
4%
Knox
4%
Mick Murray
4%
Mme. Bradley
4%
Mr. Han / Mister Hang
4%
Neil
4%
Roi de Xerxes
4%
Sara Rockbell
4%
Satella LeCoulte
4%
Sheska / Scieszka
4%
Tetsu
4%
Ulchi / Uruchi
4%
Yakovlev
4%
Bald / Bardo
2%
Berthold Hawkeye
2%
Bobby
2%
Catherine Elle Armstrong
2%
Damiano
2%
Edgy
2%
Fessler
2%
Fox
2%
Glotz
2%
Gold-Toothed Doctor
2%
Henry Douglas
2%
Henschel
2%
Karley
2%
Kyle Halling / Kayal
2%
Liam Roach
2%
Logue Lowe / Rog-Lowe
2%
Madeline
2%
Menny / Mainy
2%
Mme. Armstrong
2%
Mme. Tucker
2%
Philip Gargantos Armstrong
2%
Rick
2%
Ridel LeCoulte / Lidel
2%
Shan
2%
Smith
2%
Storch
2%
Urey Rockbell / Yuriy
2%
Vanessa
2%
Alexandre
0%
Amue Armstrong / Armette
0%
Bidd
0%
Charlie
0%
Cohen
0%
Halcrow / Hakuro
0%
Kotta
0%
M. Halling / Howling
0%
Mme. Halling
0%
Mobuo Mobuta
0%
Richard
0%
Strongine Armstrong / Stronguette
0%
Aucun quiz correspondant
Distribution des résultats
% des personnes avec chaque résultat
Percentile par nombre de réponses
Votre historique - résultats
Vous n’avez pas pris ce quiz